|
|
|
|
| LEADER |
00000nam a2200000 a 4500 |
| 001 |
vtls001094850 |
| 003 |
SK-MaSNL |
| 005 |
20260301183043.0 |
| 008 |
250414s1985 xo 0 slo |
| 015 |
|
|
|a SNBA1985/07
|
| 035 |
|
|
|a SNK000037692
|
| 040 |
|
|
|a SNK
|b slo
|c SNK
|e AACR2
|
| 041 |
0 |
|
|a slo
|
| 044 |
|
|
|a xo
|c SK
|
| 080 |
|
|
|a 342(437)(075.8)
|2 1981
|
| 100 |
1 |
|
|a Roháč, Ján
|4 aut
|9 292962
|
| 245 |
1 |
0 |
|a Spoločenské a štátne zriadenie ČSSR. 1. diel
|c Ján Roháč, Štefan Štefaňák ; Štefan Ogurčák, Katarína Kirstová, Natália Richterová, Jozef Kravec
|
| 250 |
|
|
|a 1. vyd.
|
| 260 |
|
|
|a Košice
|b Univerzita P. J. Šafárika
|c 1985
|e Košice
|f Edičné stredisko UPJŠ
|
| 300 |
|
|
|a 210 s.
|c 29 cm
|
| 366 |
|
|
|e 200 výtl.
|
| 490 |
1 |
|
|a Vysokoškolské učebné texty
|
| 655 |
|
7 |
|a učebnice vysokých škôl
|2 SNKPH
|9 70191
|
| 700 |
1 |
|
|a Štefaňák, Štefan
|4 aut
|9 557786
|
| 700 |
1 |
|
|a Ogurčák, Štefan,
|d 1948-
|4 aut
|9 201389
|
| 700 |
1 |
|
|a Kirstová, Katarína,
|d 1950-
|4 aut
|9 219398
|
| 700 |
1 |
|
|a Richterová, Natália,
|d 1951-
|4 aut
|9 39727
|
| 700 |
1 |
|
|a Kravec, Jozef,
|d 1953-
|4 aut
|9 6490
|
| 830 |
|
0 |
|a Vysokoškolské učebné texty
|9 276539
|
| 852 |
|
|
|a Slovenská národná knižnica
|
| 954 |
|
|
|a ČSSR
|a zriadenie štátne
|a zriadenie spoločenské
|
| 958 |
|
|
|a OND
|
| 999 |
|
|
|c 855712
|d 857642
|
| 952 |
|
|
|a SNK
|b SNK
|y PREZ
|7 0
|p 17A0765136
|o snkSB 35970/1
|0 0
|1 0
|4 0
|d 2012-03-26
|f 1
|l 0
|r 2025-04-14 00:00:00
|w 2026-02-24
|
| 952 |
|
|
|t P60, <04>, [BOOK], {604}
|a SNK
|b SNK
|y VYP
|7 0
|p 17A0210466
|o snkSB 35970/1 D1
|0 0
|1 0
|4 0
|d 1999-09-16
|l 0
|r 2004-12-31 00:00:00
|w 2026-02-24
|